[Event "NRW ch 2015"]
[Site "Emsdetten"]
[Date "2015.10.15"]
[Round "4.5"]
[White "Rott, Georg"]
[Black "Albrecht, Oliver"]
[Result "0-1"]
[WhiteElo "2168"]
[BlackElo "2139"]
[PlyCount "122"]
[EventDate "2015.10.15"]
[WhiteTeam "SK Münster"]
[BlackTeam "SC Bonn Beuel"]

1. e4 e5 2. Nf3 Nc6 3. Bb5 a6 4. Bxc6 dxc6 5. O-O Bg4 6. h3 Bh5 7. d3 f6 8. Be3
c5 9. Nbd2 Bd6 10. c3 Ne7 11. a3 O-O 12. Qb1 Qd7 13. b4 cxb4 14. axb4 g5 15. d4
g4 16. hxg4 Qxg4 17. dxe5 fxe5 18. c4 Ng6 19. c5 Be7 20. Nh2 Qh4 21. f3 Nf4 22.
Qe1 Qg5 23. g3 Qg7 24. Kh1 Ne6 25. f4 Kh8 26. f5 Ng5 27. g4 Be8 28. Bxg5 Bxg5
29. Ndf3 Bc6 30. Qc3 Bxe4 31. Rae1 Bc6 32. Qxe5 Bd2 33. Qxg7+ Kxg7 34. Rb1 Rae8
35. Kg1 Re2 36. Kh1 h5 37. Rg1 Rxh2+ 38. Kxh2 Bxf3 39. gxh5+ Kf7 40. Kg3 Bxh5
41. Rh1 Rg8+ 42. Kf2 Rg5 43. Rb2 Rxf5+ 44. Kg3 Bf4+ 45. Kg2 Be5 46. Rb3 Be2 47.
Rh7+ Kg6 48. Re7 Kf6 49. Rh7 Bb5 50. Re3 Bc6+ 51. Kh3 Rf3+ 52. Rxf3+ Bxf3 53.
Kh4 Ke6 54. Kg5 Kd5 55. Re7 Be2 56. Kg6 Bc4 57. Kf7 Kc6+ 58. Ke8 Bc3 59. Re4
Kd5 60. Re7 Bb5+ 61. Kf7 c6 0-1

[Event "NRW ch 2015"]
[Site "Emsdetten"]
[Date "2015.10.15"]
[Round "4.6"]
[White "Tückmantel, Rene"]
[Black "Gulatz, Maurice"]
[Result "1-0"]
[WhiteElo "2149"]
[BlackElo "2115"]
[PlyCount "59"]
[EventDate "2015.10.15"]
[WhiteTeam "Bahn-SC Wuppertal"]
[BlackTeam "SG Kirchlengern"]

1. c4 e5 2. g3 Nc6 3. Bg2 Nf6 4. Nc3 Bc5 5. e3 O-O 6. Nge2 d6 7. O-O Bb6 8. a3
Be6 9. Nd5 Bxd5 10. cxd5 Ne7 11. Nc3 a6 12. d3 Nd7 13. Kh1 f5 14. f4 Ng6 15.
Bd2 exf4 16. exf4 Qf6 17. Qc2 Ba7 18. Ne2 Rfe8 19. Bc3 Qf7 20. Nd4 Nf6 21. Ne6
Ng4 22. Qd2 Be3 23. Qc2 Bb6 24. Qd2 Be3 25. Qe2 Bb6 26. b4 Nf8 27. Qa2 Ne3 28.
Rfe1 Nxe6 29. dxe6 Qxe6 30. Rxe3 1-0

[Event "NRW ch 2015"]
[Site "Emsdetten"]
[Date "2015.10.15"]
[Round "4.7"]
[White "Lamby, Philipp"]
[Black "Heinert, Eugen"]
[Result "0-1"]
[WhiteElo "2195"]
[BlackElo "2156"]
[PlyCount "60"]
[EventDate "2015.10.15"]
[WhiteTeam "Aachener SV"]
[BlackTeam "OSC Rheinhausen"]

1. d4 d5 2. c4 c6 3. Nc3 Nf6 4. Nf3 dxc4 5. a4 Bf5 6. Nh4 e6 7. Nxf5 exf5 8. e3
Bd6 9. Bxc4 O-O 10. Qc2 g6 11. Bd2 a5 12. O-O-O Na6 13. Bxa6 Rxa6 14. f3 b5 15.
e4 b4 16. Ne2 fxe4 17. fxe4 Be7 18. Qc4 Ra7 19. Ng3 Rd7 20. Bh6 Re8 21. Rhf1 c5
22. dxc5 Rxd1+ 23. Rxd1 Qc7 24. Rf1 Bxc5 25. Kb1 Ng4 26. Bf4 Qe7 27. e5 Be3 28.
Ne4 Bxf4 29. Rxf4 Nxe5 30. Nf6+ Qxf6 0-1

[Event "NRW ch 2015"]
[Site "Emsdetten"]
[Date "2015.10.15"]
[Round "4.8"]
[White "Gelsok, Philipp"]
[Black "Haselhorst, Helmut"]
[Result "1/2-1/2"]
[WhiteElo "1892"]
[BlackElo "2141"]
[PlyCount "81"]
[EventDate "2015.10.15"]
[WhiteTeam "Bergische SF"]
[BlackTeam "SC Steinfurt"]

1. Nf3 Nf6 2. c4 g6 3. b4 Bg7 4. Bb2 O-O 5. g3 d6 6. Bg2 e5 7. d3 Nbd7 8. O-O
Nh5 9. Nc3 f5 10. Qb3 Kh8 11. Rac1 Ndf6 12. Nd2 Rb8 13. c5 Qe7 14. cxd6 cxd6
15. Qa3 a6 16. Nc4 Be6 17. Nb6 Qf7 18. Qa5 Rfd8 19. Ncd5 Ne8 20. Rc2 g5 21. Bc1
f4 22. h3 Nhf6 23. Nxf6 Nxf6 24. Bd2 Rf8 25. Nc4 Qh5 26. g4 Bxg4 27. hxg4 Nxg4
28. Rfc1 Qh2+ 29. Kf1 f3 30. exf3 Rxf3 31. Be3 Rff8 32. Re1 h5 33. Nxd6 h4 34.
Qd5 h3 35. Bxg5 e4 36. Qxe4 Qg3 37. f4 Nh2+ 38. Kg1 Ng4 39. Kf1 Nh2+ 40. Kg1
Ng4 41. Kf1 1/2-1/2

[Event "NRW ch 2015"]
[Site "Emsdetten"]
[Date "2015.10.16"]
[Round "5.1"]
[White "Messarius, Jürgen"]
[Black "Kummerow, Heiko"]
[Result "0-1"]
[WhiteElo "2204"]
[BlackElo "2267"]
[PlyCount "68"]
[EventDate "2015.10.16"]
[WhiteTeam "SK Königsspringer Iserlohn"]
[BlackTeam "Oberhausener SV"]

1. e4 e6 2. d4 d5 3. Nc3 Bb4 4. e5 c5 5. a3 Bxc3+ 6. bxc3 Ne7 7. Qg4 O-O 8. Bd3
f5 9. exf6 Rxf6 10. Bg5 Rf7 11. Qh5 g6 12. Qd1 Qa5 13. Bd2 Nbc6 14. Nf3 e5 15.
Nxe5 Nxe5 16. dxe5 Nc6 17. f4 c4 18. Be2 Qc5 19. Bf3 Be6 20. Qe2 Qb6 21. Rc1
Rd8 22. Qf2 Qa5 23. a4 Qxa4 24. h4 d4 25. h5 dxc3 26. Be3 g5 27. Qg3 Kh8 28.
Qxg5 Ne7 29. Qh6 Qa6 30. g4 Ng8 31. Qg5 Qa5 32. h6 Rd2 33. f5 Qxe5 34. fxe6
Qg3+ 0-1

[Event "NRW ch 2015"]
[Site "Emsdetten"]
[Date "2015.10.16"]
[Round "5.2"]
[White "Richter, Christian"]
[Black "Chilla, Jan Eric"]
[Result "1/2-1/2"]
[WhiteElo "2366"]
[BlackElo "2239"]
[PlyCount "115"]
[EventDate "2015.10.16"]
[WhiteTeam "SK Turm Emsdetten"]
[BlackTeam "SK Münster"]

1. d4 Nf6 2. Nf3 c5 3. d5 e6 4. Nc3 exd5 5. Nxd5 Nxd5 6. Qxd5 Nc6 7. Bg5 Be7 8.
Bxe7 Qxe7 9. a3 O-O 10. O-O-O Rd8 11. e3 d6 12. Qh5 Be6 13. Ng5 h6 14. Nxe6
fxe6 15. g4 d5 16. Rg1 Qf7 17. Qh4 Ne5 18. Be2 Qf6 19. Qg3 g5 20. f4 Ng6 21.
Rgf1 Rf8 22. f5 Ne7 23. Qd6 exf5 24. Qxc5 Rfc8 25. Qb4 Qe5 26. gxf5 Nxf5 27.
Bg4 Rc4 28. Qxb7 Rb8 29. Qxd5+ Qxd5 30. Rxd5 Nxe3 31. Be6+ Kh8 32. Rf2 Nxd5 33.
Bxd5 Rd4 34. c4 Kg7 35. b4 Kg6 36. Kc2 Rf4 37. Re2 Rbf8 38. Re7 Rf2+ 39. Kb3
Rxh2 40. Rxa7 g4 41. c5 g3 42. c6 g2 43. Bxg2 Rxg2 44. c7 Kf5 45. Ra6 Rc8 46.
Rc6 Rg7 47. Rxh6 Rgxc7 48. Rh3 Ke5 49. b5 Kd5 50. Kb4 Rc4+ 51. Ka5 Ra8+ 52. Kb6
Rb8+ 53. Ka5 Re4 54. Rc3 Ra8+ 55. Kb6 Rb8+ 56. Ka5 Re6 57. Kb4 Re4+ 58. Ka5
1/2-1/2

[Event "NRW ch 2015"]
[Site "Emsdetten"]
[Date "2015.10.16"]
[Round "5.3"]
[White "Albrecht, Oliver"]
[Black "Lehmann, Holger"]
[Result "1/2-1/2"]
[WhiteElo "2139"]
[BlackElo "2163"]
[PlyCount "174"]
[EventDate "2015.10.16"]
[WhiteTeam "SC Bonn Beuel"]
[BlackTeam "SC Rochade Emsdetten"]

1. e4 c5 2. Nf3 Nc6 3. Bb5 Nf6 4. e5 Nd5 5. O-O g6 6. Bxc6 dxc6 7. h3 Bg7 8. d4
cxd4 9. Qxd4 Qb6 10. Qh4 h6 11. c4 Nc7 12. Nc3 Bf5 13. Rd1 Ne6 14. b3 Qa5 15.
Bb2 g5 16. Qg3 O-O 17. Ne2 Rad8 18. a3 Rxd1+ 19. Rxd1 Rd8 20. Rxd8+ Qxd8 21.
Nfd4 Nxd4 22. Nxd4 Bg6 23. Qe3 c5 24. Nf3 Qd1+ 25. Kh2 b6 26. b4 Qc2 27. Bc3
Bd3 28. Qd2 cxb4 29. axb4 Qxd2 30. Nxd2 f5 31. exf6 exf6 32. Kg3 Bf8 33. Kf3 f5
34. Ke3 Bc2 35. Nf3 f4+ 36. Kd2 Be4 37. Ne1 Bg7 38. Bxg7 Kxg7 39. Kc3 Kf6 40.
Kd4 Bb7 41. b5 h5 42. f3 g4 43. hxg4 hxg4 44. fxg4 Kg5 45. Ke5 Kxg4 46. Nd3
Bxg2 47. Nxf4 Bf1 48. Nd5 Kf3 49. Kd4 Bh3 50. Nb4 Bc8 51. Nd5 a6 52. Nxb6 axb5
53. cxb5 Bb7 54. Nd5 Ke2 55. b6 Kd2 56. Nb4 Kc1 57. Kc5 Kb2 58. Kd6 Kb3 59. Kc7
Ba8 60. Kb8 Bg2 61. Na6 Ka4 62. Kc7 Ka5 63. Nb8 Ba8 64. Nd7 Ka6 65. Ne5 Kb5 66.
Ng6 Ka6 67. Nf4 Kb5 68. Ne6 Ka6 69. Nd4 Ka5 70. Nb3+ Kb5 71. Nd4+ Ka5 72. Ne6
Kb5 73. Nd8 Ka6 74. Nc6 Kb5 75. Nb8 Ka5 76. Nd7 Ka6 77. Nf6 Kb5 78. Ne8 Ka6 79.
Nd6 Bf3 80. Nc4 Kb5 81. Ne5 Ba8 82. Nf7 Ka6 83. Ne5 Ka5 84. Nc4+ Kb5 85. Ne5
Ka5 86. Nd3 Kb5 87. Ne5 Ka5 1/2-1/2

[Event "NRW ch 2015"]
[Site "Emsdetten"]
[Date "2015.10.16"]
[Round "5.4"]
[White "Michalczak, Thomas"]
[Black "Tückmantel, Rene"]
[Result "1-0"]
[WhiteElo "2190"]
[BlackElo "2149"]
[PlyCount "85"]
[EventDate "2015.10.16"]
[WhiteTeam "SG Solingen"]
[BlackTeam "Bahn-SC Wuppertal"]

1. e4 e5 2. Nf3 Nc6 3. Bb5 a6 4. Ba4 Nf6 5. O-O Nxe4 6. d4 Be7 7. Qe2 b5 8. Bb3
d5 9. dxe5 Nc5 10. Rd1 Nxb3 11. axb3 Be6 12. c4 bxc4 13. bxc4 O-O 14. cxd5 Bxd5
15. Bf4 Bc4 16. Qc2 Nb4 17. Qc1 Bd5 18. Nc3 c6 19. Nd4 Qc8 20. h3 Re8 21. Ra3
c5 22. Nxd5 Nxd5 23. Nf3 Qe6 24. Rad3 Nxf4 25. Qxf4 Rad8 26. Rxd8 Rxd8 27.
Rxd8+ Bxd8 28. Qe4 Qc8 29. Nd2 Be7 30. Nc4 g6 31. g4 Qe6 32. f4 f5 33. gxf5
gxf5 34. Qd3 Kg7 35. Ne3 Kg6 36. Kf2 h5 37. Ke2 Bf8 38. Qd8 Bh6 39. Nd5 Kh7 40.
Qd6 Qf7 41. e6 Qg6 42. Qd7+ Bg7 43. Ne3 1-0

[Event "NRW ch 2015"]
[Site "Emsdetten"]
[Date "2015.10.16"]
[Round "5.5"]
[White "Gulatz, Maurice"]
[Black "Schmücker, Marcus"]
[Result "1-0"]
[WhiteElo "2115"]
[BlackElo "2271"]
[PlyCount "55"]
[EventDate "2015.10.16"]
[WhiteTeam "SG Kirchlengern"]
[BlackTeam "SV Hemer"]

1. d4 Nf6 2. c4 e6 3. g3 c5 4. d5 exd5 5. cxd5 d6 6. Nc3 g6 7. Bg2 Bg7 8. Nf3
O-O 9. O-O Re8 10. Nd2 Nbd7 11. h3 a6 12. a4 b6 13. Nc4 Ne5 14. Na3 Rb8 15. e4
Qc7 16. f4 Ned7 17. Kh2 c4 18. Qe2 Nc5 19. Qxc4 Qe7 20. Re1 Bf5 21. Be3 Nfxe4
22. Bxc5 Bxc3 23. bxc3 bxc5 24. Re2 h5 25. Rae1 Qb7 26. Rb1 Qe7 27. Rxb8 Rxb8
28. Bxe4 1-0

[Event "NRW ch 2015"]
[Site "Emsdetten"]
[Date "2015.10.16"]
[Round "5.6"]
[White "Plaßmann, Dominik"]
[Black "Rott, Georg"]
[Result "0-1"]
[WhiteElo "2110"]
[BlackElo "2168"]
[PlyCount "46"]
[EventDate "2015.10.16"]
[WhiteTeam "Gütersloher SV"]
[BlackTeam "SK Münster"]

1. e4 e6 2. b3 d5 3. Bb2 dxe4 4. Nc3 Nf6 5. g4 Bd7 6. Bg2 Bc6 7. Qe2 h5 8. g5
Nd5 9. Nh3 Nxc3 10. dxc3 Qd5 11. g6 fxg6 12. Nf4 Qf5 13. Bc1 Bd6 14. Bh3 Qf6
15. Nxe6 Qxc3+ 16. Qd2 Qxa1 17. c3 Nd7 18. O-O Qb1 19. Qg5 Ne5 20. f4 exf3 21.
Bf4 Qe4 22. Bg3 f2+ 23. Kxf2 Nd3+ 0-1

[Event "NRW ch 2015"]
[Site "Emsdetten"]
[Date "2015.10.16"]
[Round "5.7"]
[White "Heinert, Eugen"]
[Black "Gelsok, Philipp"]
[Result "1-0"]
[WhiteElo "2156"]
[BlackElo "1892"]
[PlyCount "81"]
[EventDate "2015.10.16"]
[WhiteTeam "OSC Rheinhausen"]
[BlackTeam "Bergische SF"]

1. d4 Nf6 2. c4 c5 3. d5 b5 4. cxb5 a6 5. b6 e6 6. Nc3 Nxd5 7. Nxd5 exd5 8.
Qxd5 Nc6 9. e4 Be7 10. Bc4 O-O 11. Nf3 Rb8 12. O-O Nb4 13. Qh5 Rxb6 14. Ng5 Rh6
15. Bxf7+ Kh8 16. Qg4 d5 17. Ne6 Bxe6 18. Bxe6 Rh4 19. Qd1 Rxe4 20. Bh3 Bf6 21.
g3 Bd4 22. Bg2 Re6 23. a3 Nc6 24. Ra2 Rd6 25. b4 cxb4 26. axb4 Qb6 27. Ba3 Nxb4
28. Bxb4 Qxb4 29. Ra4 Bxf2+ 30. Rxf2 Qb6 31. Rd4 Rdf6 32. Re2 Rc6 33. h4 Qc7
34. Kh2 Rc3 35. Rd3 d4 36. Re4 Rxd3 37. Qxd3 Rd8 38. Rxd4 Rxd4 39. Qxd4 a5 40.
h5 h6 41. Qd5 1-0

[Event "NRW ch 2015"]
[Site "Emsdetten"]
[Date "2015.10.16"]
[Round "5.8"]
[White "Haselhorst, Helmut"]
[Black "Lamby, Philipp"]
[Result "1-0"]
[WhiteElo "2141"]
[BlackElo "2195"]
[PlyCount "107"]
[EventDate "2015.10.16"]
[WhiteTeam "SC Steinfurt"]
[BlackTeam "Aachener SV"]

1. e4 c5 2. Nc3 Nc6 3. g3 Nf6 4. Bg2 e6 5. f4 d5 6. e5 d4 7. exf6 dxc3 8. fxg7
cxd2+ 9. Qxd2 Bxg7 10. Bxc6+ bxc6 11. Qxd8+ Kxd8 12. Nf3 Kc7 13. O-O Rb8 14.
Ne5 f6 15. Nf3 c4 16. b3 c5 17. Bb2 Bb7 18. Ng5 Bd5 19. Rfe1 Rbe8 20. bxc4 Bxc4
21. Ne4 Rhf8 22. Nxc5 h5 23. a4 Rf7 24. Bc3 h4 25. Kf2 Kc6 26. Ne4 hxg3+ 27.
hxg3 Rh8 28. Rh1 Rxh1 29. Rxh1 Bd5 30. Re1 f5 31. Ng5 Bxc3 32. Nxf7 Bxe1+ 33.
Kxe1 Kc5 34. Kd2 Kb4 35. Ne5 Kxa4 36. c4 Be4 37. Kc3 Ka5 38. Nd7 Bb7 39. Kb3
Bc8 40. Nc5 Kb6 41. Na4+ Kc6 42. Kb4 Kd6 43. Nc3 a6 44. Na4 e5 45. c5+ Ke6 46.
Ka5 e4 47. Nc3 e3 48. Kb6 Kd7 49. Ne2 a5 50. Kxa5 Kc6 51. Kb4 Ba6 52. Nd4+ Kb7
53. Kc3 e2 54. Kd2 1-0

[Event "NRW ch 2015"]
[Site "Emsdetten"]
[Date "2015.10.17"]
[Round "6.1"]
[White "Kummerow, Heiko"]
[Black "Chilla, Jan Eric"]
[Result "1-0"]
[WhiteElo "2267"]
[BlackElo "2239"]
[PlyCount "61"]
[EventDate "2015.10.17"]
[WhiteTeam "Oberhausener SV"]
[BlackTeam "SK Münster"]

1. e4 e5 2. f4 exf4 3. Bc4 Nf6 4. Nc3 c6 5. Bb3 d5 6. exd5 cxd5 7. d4 Bd6 8.
Nge2 g5 9. h4 Bg4 10. Qd3 Nc6 11. hxg5 Nb4 12. Qd2 Nh5 13. a3 Nc6 14. Bxd5 Qxg5
15. Bxc6+ bxc6 16. Ne4 Qe7 17. Nxd6+ Qxd6 18. Nxf4 O-O-O 19. Nxh5 Rhe8+ 20. Kf1
Be2+ 21. Kg1 Bxh5 22. Rxh5 Qg3 23. Rf5 Rd6 24. Qd3 Re1+ 25. Rf1 Rf6 26. Rxe1
Qxe1+ 27. Kh2 Rf1 28. Qa6+ Kd7 29. Qb7+ Ke6 30. Qxc6+ Kf5 31. Qd5+ 1-0

[Event "NRW ch 2015"]
[Site "Emsdetten"]
[Date "2015.10.17"]
[Round "6.2"]
[White "Albrecht, Oliver"]
[Black "Messarius, Jürgen"]
[Result "0-1"]
[WhiteElo "2139"]
[BlackElo "2204"]
[PlyCount "168"]
[EventDate "2015.10.17"]
[WhiteTeam "SC Bonn Beuel"]
[BlackTeam "SK Königsspringer Iserlohn"]

1. e4 Nf6 2. e5 Nd5 3. d4 d6 4. Nf3 g6 5. Bc4 Nb6 6. Bb3 d5 7. O-O Nc6 8. c3
Bf5 9. Re1 h6 10. Nbd2 e6 11. h3 Be7 12. Qe2 g5 13. Nh2 Qd7 14. Ndf1 O-O-O 15.
Bc2 Bxc2 16. Qxc2 h5 17. f3 Rdg8 18. Be3 f5 19. exf6 Bxf6 20. Qe2 e5 21. Rad1
Re8 22. dxe5 Bxe5 23. Qf2 Reg8 24. Qe2 Nc4 25. Bf2 Re8 26. Qc2 Qf7 27. b3 Nb6
28. Bg3 Bg7 29. Rxe8+ Rxe8 30. Re1 Rxe1 31. Bxe1 Qe6 32. Bd2 d4 33. Qd3 Nd5 34.
cxd4 Bxd4+ 35. Kh1 Nf4 36. Qe4 Qf6 37. h4 Ne6 38. hxg5 Nxg5 39. Qe8+ Nd8 40.
Qxh5 Ngf7 41. Ng3 Nd6 42. Qg4+ Kb8 43. Ne4 Nxe4 44. Qxe4 Bb6 45. Qb1 a5 46. g4
Qd4 47. Qe1 Nc6 48. g5 Qd3 49. Bc3 Ka7 50. Kg2 Qf5 51. Qd2 Ne7 52. f4 Qe4+ 53.
Kh3 Be3 54. Qe2 Qf5+ 55. Ng4 Nd5 56. Qxe3+ Nxe3 57. Bd4+ c5 58. Bxe3 b5 59. Kg3
Kb7 60. Ne5 c4 61. bxc4 bxc4 62. g6 c3 63. Kf3 c2 64. Ke2 Qe4 65. Nd3 Qxg6 66.
Kd2 Qg2+ 67. Bf2 Qd5 68. Kxc2 Qxa2+ 69. Kc3 Kc6 70. Bd4 Kd5 71. Be5 Qc4+ 72.
Kd2 a4 73. Bc3 Ke4 74. Nc1 Kxf4 75. Bb2 Kf3 76. Ba3 Qd4+ 77. Kc2 Ke3 78. Bb2
Qd2+ 79. Kb1 Ke4 80. Ba3 Kd5 81. Bb2 Kc4 82. Ba3 Kc3 83. Ka1 Qc2 84. Na2+ Kb3
0-1

[Event "NRW ch 2015"]
[Site "Emsdetten"]
[Date "2015.10.17"]
[Round "6.4"]
[White "Rott, Georg"]
[Black "Richter, Christian"]
[Result "0-1"]
[WhiteElo "2168"]
[BlackElo "2366"]
[PlyCount "142"]
[EventDate "2015.10.17"]
[WhiteTeam "SK Münster"]
[BlackTeam "SK Turm Emsdetten"]

1. e4 e5 2. Nf3 d6 3. d4 Nd7 4. Bc4 c6 5. a4 Be7 6. Nc3 Ngf6 7. O-O O-O 8. Ba2
Qc7 9. Re1 a5 10. h3 h6 11. Be3 Re8 12. Nd2 Nf8 13. dxe5 dxe5 14. Nc4 Ra6 15.
Qf3 Ng6 16. Nd2 Nh4 17. Qe2 Ra8 18. Nf1 Bb4 19. Ng3 Qe7 20. Nh5 Nh7 21. Red1
Ng5 22. Rd3 Ng6 23. Rad1 Ne6 24. Qf3 Bc5 25. Ne2 Bxe3 26. fxe3 Ng5 27. Qg3 Kh7
28. Nc3 Rf8 29. Rd6 Ne6 30. Bc4 Nd4 31. R1xd4 exd4 32. exd4 Qg5 33. Qxg5 hxg5
34. Ne2 g4 35. Bd3 Kg8 36. e5 Ne7 37. Neg3 g6 38. Nf6+ Kg7 39. hxg4 Be6 40. c4
Nc8 41. Rxe6 fxe6 42. g5 Ne7 43. Ne2 Rad8 44. g4 c5 45. d5 exd5 46. Nf4 dxc4
47. Ne6+ Kh8 48. Bxc4 Rd1+ 49. Kf2 Rc8 50. b3 Nc6 51. Ke2 Rg1 52. Kf2 Rd1 53.
Ke2 Ra1 54. Nd7 Re8 55. Kd2 Rg1 56. Bd5 Nb4 57. Bc4 Nc6 58. Bd5 Nb4 59. Bc4
Rxg4 60. Nexc5 b6 61. Nxb6 Rxe5 62. Nb7 Rg2+ 63. Kc3 Rg3+ 64. Kd2 Rg2+ 65. Kc3
Rg3+ 66. Kd2 Rexg5 67. Nd7 Rh5 68. Ndc5 Rh2+ 69. Be2 Nc6 70. Nd3 Nd4 71. Nc1
Nxb3+ 0-1

[Event "NRW ch 2015"]
[Site "Emsdetten"]
[Date "2015.10.17"]
[Round "6.5"]
[White "Tückmantel, Rene"]
[Black "Heinert, Eugen"]
[Result "1-0"]
[WhiteElo "2149"]
[BlackElo "2156"]
[PlyCount "118"]
[EventDate "2015.10.17"]
[WhiteTeam "Bahn-SC Wuppertal"]
[BlackTeam "OSC Rheinhausen"]

1. c4 e6 2. g3 d5 3. Bg2 Nf6 4. Nf3 Be7 5. O-O O-O 6. b3 c5 7. Bb2 Nc6 8. d3 b6
9. Na3 Bb7 10. Re1 Qd7 11. cxd5 Nxd5 12. Nc4 Rfd8 13. Nce5 Nxe5 14. Nxe5 Qc7
15. Nc4 Nb4 16. a3 Bxg2 17. Kxg2 Nc6 18. Rc1 Rac8 19. Nd2 Nd4 20. Kg1 Qb7 21.
Nc4 Bg5 22. Rb1 Rc7 23. Bc1 Be7 24. Bf4 Rcc8 25. Bd2 h5 26. h4 b5 27. Ne3 e5
28. a4 e4 29. dxe4 Qxe4 30. axb5 Nxb5 31. Qc1 Bf6 32. Ba5 Rd4 33. Nc4 Bxh4 34.
e3 Bg5 35. exd4 Qg6 36. Ne5 Qf5 37. Bd2 cxd4 38. Qd1 Bxd2 39. Qxd2 Rc2 40. Qf4
Qxf4 41. gxf4 Nc3 42. Ra1 Ne2+ 43. Rxe2 Rxe2 44. Rxa7 f6 45. Nf3 Re4 46. Rd7
Rxf4 47. Nxd4 Rg4+ 48. Kh2 Rh4+ 49. Kg3 Rg4+ 50. Kh3 g5 51. f3 Rg1 52. b4 Rb1
53. Rb7 Rd1 54. Nf5 Rd3 55. Kg2 Rd2+ 56. Kg3 h4+ 57. Kg4 Rg2+ 58. Kh5 h3 59.
Kg6 Kf8 1-0

[Event "NRW ch 2015"]
[Site "Emsdetten"]
[Date "2015.10.17"]
[Round "6.6"]
[White "Haselhorst, Helmut"]
[Black "Gulatz, Maurice"]
[Result "1/2-1/2"]
[WhiteElo "2141"]
[BlackElo "2115"]
[PlyCount "44"]
[EventDate "2015.10.17"]
[WhiteTeam "SC Steinfurt"]
[BlackTeam "SG Kirchlengern"]

1. d4 Nf6 2. Nf3 d5 3. Bf4 c5 4. e3 Qb6 5. Qc1 Nc6 6. c3 Bf5 7. Be2 h6 8. h3 e6
9. Nbd2 Rc8 10. a3 Be7 11. O-O O-O 12. Rd1 Rfd8 13. Ne5 Nxe5 14. Bxe5 Nd7 15.
Bg3 Bd6 16. Bxd6 Qxd6 17. Nf3 c4 18. Re1 b5 19. Bd1 a5 20. Bc2 Bxc2 21. Qxc2 f5
22. Nd2 Rf8 1/2-1/2

[Event "NRW ch 2015"]
[Site "Emsdetten"]
[Date "2015.10.17"]
[Round "6.7"]
[White "Schmücker, Marcus"]
[Black "Gelsok, Philipp"]
[Result "1-0"]
[WhiteElo "2271"]
[BlackElo "1892"]
[PlyCount "119"]
[EventDate "2015.10.17"]
[WhiteTeam "SV Hemer"]
[BlackTeam "Bergische SF"]

1. d4 Nf6 2. c4 c5 3. d5 b5 4. cxb5 a6 5. f3 axb5 6. e4 Qa5+ 7. Bd2 b4 8. Na3
d6 9. Nc4 Qc7 10. a3 bxa3 11. Rxa3 Rxa3 12. bxa3 Nbd7 13. Qa4 e6 14. dxe6 fxe6
15. Nh3 h6 16. Bd3 Kf7 17. O-O Be7 18. Rb1 Re8 19. Nf4 Nf8 20. e5 Bd7 21. exd6
Bxd6 22. Nxd6+ Qxd6 23. Qc4 Qd4+ 24. Qxd4 cxd4 25. Rb7 Ra8 26. Bb4 Ke8 27. Bc4
e5 28. Nd3 Ng6 29. a4 e4 30. fxe4 Rc8 31. Bb3 Nxe4 32. h3 Nc3 33. a5 Rc6 34. a6
Rxa6 35. Rb8+ Bc8 36. Bxc3 dxc3 37. Rxc8+ Ke7 38. Rxc3 Kf6 39. Kh2 Ne7 40. Nc5
Ra7 41. Rf3+ Ke5 42. Rf7 Nc6 43. Nd3+ Ke4 44. Nf2+ Kd4 45. Rxa7 Nxa7 46. Kg3
Ke5 47. Kg4 Nc6 48. g3 g6 49. Bc2 Kf6 50. Kf4 Ne7 51. Ng4+ Kg7 52. Ke5 h5 53.
Ne3 Nc6+ 54. Kd5 Nd8 55. Ng2 g5 56. Ba4 Kf6 57. Bd7 Ke7 58. Bc8 Kf6 59. Ne1 Nf7
60. Nd3 1-0

[Event "NRW ch 2015"]
[Site "Emsdetten"]
[Date "2015.10.17"]
[Round "6.8"]
[White "Lamby, Philipp"]
[Black "Plaßmann, Dominik"]
[Result "1-0"]
[WhiteElo "2195"]
[BlackElo "2110"]
[PlyCount "129"]
[EventDate "2015.10.17"]
[WhiteTeam "Aachener SV"]
[BlackTeam "Gütersloher SV"]

1. d4 e6 2. c4 f5 3. e3 Nf6 4. Bd3 b6 5. Ne2 Bb7 6. f3 Be7 7. Nbc3 O-O 8. Qc2
c5 9. e4 Nc6 10. e5 Nh5 11. Be3 cxd4 12. Nxd4 Nxe5 13. Be2 Rc8 14. O-O-O Qe8
15. Qa4 a6 16. Rhe1 Bc5 17. f4 Nc6 18. Bf3 Bxd4 19. Bxd4 Nxf4 20. Bxb6 Ng6 21.
Bc5 Rf7 22. Bd6 Nh4 23. Bh5 Ng6 24. Kb1 Qd8 25. g3 Na5 26. c5 Bc6 27. Qb4 Nb7
28. Bf4 Qa5 29. Qxa5 Nxa5 30. b4 Nc4 31. Kc2 Na3+ 32. Kb2 Nb5 33. Na4 Re8 34.
Bxg6 hxg6 35. Be5 Na7 36. Nb6 Nc8 37. Nc4 Bb5 38. Ne3 Rd8 39. Bc7 Re8 40. Be5
g5 41. Rd4 Na7 42. Rd6 Nc6 43. Bc3 f4 44. Ng4 f3 45. Nf2 Ne7 46. Kb3 Nf5 47.
Rb6 e5 48. g4 Nh4 49. Rxe5 Rxe5 50. Bxe5 Re7 51. Bd4 Ng2 52. a4 Be2 53. b5 axb5
54. axb5 Ne3 55. Rb8+ Kf7 56. b6 Bc4+ 57. Kc3 Bd5 58. b7 Kg6 59. Bxe3 Rxe3+ 60.
Kd4 Re2 61. Kxd5 Rxf2 62. Rf8 Rd2+ 63. Ke4 f2 64. b8=Q Re2+ 65. Kd3 1-0

[Event "NRW ch 2015"]
[Site "Emsdetten"]
[Date "2015.10.18"]
[Round "7.1"]
[White "Richter, Christian"]
[Black "Kummerow, Heiko"]
[Result "1/2-1/2"]
[WhiteElo "2366"]
[BlackElo "2267"]
[PlyCount "29"]
[EventDate "2015.10.18"]
[WhiteTeam "SK Turm Emsdetten"]
[BlackTeam "Oberhausener SV"]

1. d4 Nf6 2. Nf3 g6 3. g3 Bg7 4. Bg2 O-O 5. c4 d6 6. Nc3 Nc6 7. O-O e5 8. d5
Ne7 9. c5 Ne8 10. cxd6 Nxd6 11. Nd2 c6 12. dxc6 Nxc6 13. Nde4 Nxe4 14. Nxe4 Bg4
15. Bf3 1/2-1/2

[Event "NRW ch 2015"]
[Site "Emsdetten"]
[Date "2015.10.18"]
[Round "7.2"]
[White "Messarius, Jürgen"]
[Black "Tückmantel, Rene"]
[Result "0-1"]
[WhiteElo "2204"]
[BlackElo "2149"]
[PlyCount "98"]
[EventDate "2015.10.18"]
[WhiteTeam "SK Königsspringer Iserlohn"]
[BlackTeam "Bahn-SC Wuppertal"]

1. e4 e5 2. Nf3 Nc6 3. d4 exd4 4. Nxd4 Bc5 5. Be3 Qf6 6. c3 Nge7 7. Bc4 O-O 8.
O-O b6 9. Na3 Bb7 10. Nac2 Ne5 11. Bd3 Nxd3 12. Qxd3 Qg6 13. Qd2 Bxe4 14. f3
Bxc2 15. Nxc2 Bxe3+ 16. Nxe3 Rad8 17. c4 c6 18. Qb4 Nf5 19. Nxf5 Qxf5 20. Rad1
d5 21. c5 b5 22. Qa3 Qd7 23. f4 Rfe8 24. Rd3 Re4 25. Rh3 Rde8 26. Qd3 a5 27. a3
a4 28. f5 f6 29. Qf3 Qe7 30. Qh5 h6 31. Rg3 Re1 32. Rgf3 Qxc5+ 33. Kh1 Qc4 34.
Kg1 Rxf1+ 35. Rxf1 Qd4+ 36. Kh1 Re5 37. h3 Qxb2 38. Kh2 Qxa3 39. Rf3 Qd6 40.
Kg1 a3 41. Rf1 Qc5+ 42. Kh2 Qd4 43. Rd1 Qf4+ 44. Kh1 Qxf5 45. Qh4 Qe4 46. Qf2
Qe2 47. Qg1 a2 48. Ra1 Qb2 49. Qd1 d4 0-1

[Event "NRW ch 2015"]
[Site "Emsdetten"]
[Date "2015.10.18"]
[Round "7.3"]
[White "Chilla, Jan Eric"]
[Black "Lehmann, Holger"]
[Result "1-0"]
[WhiteElo "2239"]
[BlackElo "2163"]
[PlyCount "105"]
[EventDate "2015.10.18"]
[WhiteTeam "SK Münster"]
[BlackTeam "SC Rochade Emsdetten"]

1. Nf3 f5 2. g3 Nf6 3. d4 g6 4. c3 Bg7 5. Qb3 e6 6. Bg2 Nc6 7. O-O d5 8. Bf4
O-O 9. Na3 Ne4 10. Rfd1 g5 11. Be5 Bh6 12. Ne1 Nxe5 13. dxe5 c6 14. Nd3 g4 15.
f4 gxf3 16. exf3 Be3+ 17. Kh1 Nf2+ 18. Nxf2 Bxf2 19. f4 Qe7 20. c4 a6 21. Rac1
Kh8 22. Nc2 Rg8 23. cxd5 exd5 24. Qd3 Be6 25. Nd4 Raf8 26. Rc3 Rg6 27. Rf1 Bxd4
28. Qxd4 Rfg8 29. b4 h5 30. Qd1 Rh6 31. a3 h4 32. Kg1 Qd8 33. Qd4 Rhg6 34. Rff3
Rh6 35. Kf2 Kh7 36. Rc1 Rg7 37. Rcc3 Qe8 38. gxh4 Rg4 39. h3 Rgxh4 40. Rg3 Rg6
41. Rxg6 Qxg6 42. Rg3 Qf7 43. Rg5 Qe7 44. Qe3 Kh6 45. Kg3 Rxf4 46. h4 Rxh4 47.
Kxh4 b6 48. Qf4 a5 49. Bh3 axb4 50. axb4 c5 51. bxc5 bxc5 52. Bxf5 Bf7 53. Kg4
1-0

[Event "NRW ch 2015"]
[Site "Emsdetten"]
[Date "2015.10.18"]
[Round "7.4"]
[White "Michalczak, Thomas"]
[Black "Gulatz, Maurice"]
[Result "1/2-1/2"]
[WhiteElo "2190"]
[BlackElo "2115"]
[PlyCount "84"]
[EventDate "2015.10.18"]
[WhiteTeam "SG Solingen"]
[BlackTeam "SG Kirchlengern"]

1. e4 c5 2. Nf3 d6 3. d4 cxd4 4. Nxd4 Nf6 5. Nc3 a6 6. Bg5 Nbd7 7. Qe2 h6 8.
Bh4 e6 9. O-O-O Be7 10. f4 Qa5 11. Kb1 g5 12. fxg5 hxg5 13. Nb3 Qc7 14. Bxg5 b5
15. Qe1 b4 16. Ne2 Nxe4 17. Bxe7 Kxe7 18. Nf4 Bb7 19. Bd3 Ndf6 20. Nd4 Qc5 21.
Bxe4 Bxe4 22. Rf1 Rxh2 23. Nfxe6 Qe5 24. Nc7 Ra7 25. Rf5 Bxf5 26. Nc6+ Kf8 27.
Nxe5 Rxc7 28. Qxb4 Rxc2 29. Qxd6+ Kg7 30. Ka1 Rhxg2 31. Qe7 Be6 32. Nd3 Rcd2
33. Rf1 Nd5 34. Qa3 Rg3 35. Qxa6 Rdxd3 36. a4 Nb4 37. Qb7 Rd4 38. Qc7 Rdg4 39.
Qe5+ Kg8 40. Qb8+ Kg7 41. Qe5+ Kg8 42. Qb8+ Kg7 1/2-1/2